MDQL
is popping MORE tags! Check the
thread
!
Quizzes
Events
Quiz Creation
Community
Videos
Private Events
Remove Ads
Sign In
Join for FREE
Feedback
Dark Mode
Quiz Categories
Sports
Geography
Music
Movies
Television
Just For Fun
Miscellaneous
History
Literature
Language
Science
Gaming
Entertainment
Religion
Holiday
For Kids
Quiz Lab
Recent
Popular Today
Quiz Kudos Today
Editor Picks
Curator Picks
Quizzes by...
Day
Popularity
Type
Ratings
Length
Year
Community
Subscriptions
Recent Discussions
Orange Saloon
Badges
Playlists
Quests
Create
Leaderboards
Showdown
Live 5
Trivia Bingo
Activity
Puzzle Library
Sporcle Events
Private Events
Virtual Trivia
Globe League
Become a Host
Pub Owners
SporcleCon
Opinionation
Our Games
Videos
Blog
Mobile Apps
Partnerships
Remove Ads and Go Orange
Feedback
Just For Fun
Clickable
Get the Picture
Humor
Quick Pick
Word Ladder
Missing Word
Mixed Word
Blitz
Minefield
This or That
Alphabet
Color
Typing
Sporcle
Puzzle
Word Play
Follow That Line
Logic
Just For Fun
Clickable
Get the Picture
Humor
Quick Pick
Word Ladder
Missing Word
Mixed Word
Blitz
Minefield
This or That
Alphabet
Color
Typing
Sporcle
Puzzle
Word Play
Follow That Line
Logic
Random Quiz
Search Sporcle
×
Quiz Lab
Quiz Lab
Just For Fun
Numbers
Type in answers that appear in a list
Type in answers that appear in a list
Classic
Best Score? Go Orange.
How many numbers can you name from 1-200 Stats
Can you name the numbers from 1-200 in one minute?
By
martijnol
60s
200 Questions
188 Plays
188 Plays
188 Plays
Comments
Comments
Give Quiz Kudos
Give Quiz Kudos
-
- Ratings
hide this ad
More Info
Replay
Link that replays current quiz
Next Quiz
Link to next quiz in quiz playlist
You Got
0%
They Got
Avg Score
44%
Avg Friend Score
Upgrade to see
Score Distribution
Jump to the score distribution portion of the page
Score
0/200
Timer
01:00
0
Plays Today
% Correct
1
98.4%
2
97.9%
3
97.9%
8
97.9%
4
97.3%
5
97.3%
6
97.3%
7
97.3%
9
96.3%
12
96.3%
17
96.3%
16
95.7%
18
95.7%
19
95.7%
13
95.2%
14
95.2%
15
95.2%
10
94.1%
20
94.1%
11
93.6%
23
92%
28
90.4%
21
89.9%
24
89.9%
25
89.4%
26
89.4%
27
89.4%
29
89.4%
30
88.8%
32
88.8%
34
88.8%
37
88.3%
35
87.8%
36
87.8%
38
87.8%
22
87.2%
31
87.2%
33
86.2%
43
86.2%
39
85.6%
40
85.6%
46
85.6%
45
85.1%
48
85.1%
41
84.6%
42
84.6%
50
84.6%
53
84%
54
84%
47
83.5%
49
83.5%
55
83.5%
51
83%
56
83%
57
83%
58
83%
59
83%
52
82.4%
44
81.9%
61
79.8%
62
78.7%
60
78.2%
63
78.2%
65
77.7%
64
77.1%
67
76.6%
66
75.5%
% Correct
70
75%
68
74.5%
69
73.9%
71
73.4%
74
71.8%
72
71.3%
73
71.3%
75
70.7%
78
70.2%
76
69.7%
79
69.7%
77
68.6%
80
66.5%
81
66.5%
89
66.5%
85
66%
91
66%
90
65.4%
82
64.9%
83
64.9%
84
64.4%
86
63.8%
87
63.8%
88
62.8%
92
62.8%
93
62.2%
95
60.6%
99
60.6%
94
60.1%
96
59%
97
57.4%
98
57.4%
100
53.2%
101
47.3%
102
44.7%
103
39.9%
104
37.8%
105
34%
106
30.9%
107
28.2%
108
27.7%
111
26.6%
109
26.1%
112
25%
110
24.5%
113
23.9%
114
22.3%
115
22.3%
116
19.7%
117
19.7%
118
18.6%
119
18.6%
120
17%
121
17%
123
16%
122
13.8%
124
10.6%
200
10.1%
125
9.6%
126
9.6%
127
8.5%
128
6.9%
129
6.9%
130
5.9%
199
5.9%
132
5.3%
133
5.3%
% Correct
134
5.3%
188
5.3%
131
4.8%
181
4.8%
198
4.8%
166
4.3%
191
3.7%
135
3.7%
144
3.7%
155
3.7%
177
3.7%
190
3.7%
192
3.7%
196
3.7%
136
3.2%
145
3.2%
161
3.2%
180
3.2%
182
3.2%
185
3.2%
193
3.2%
194
3.2%
195
3.2%
197
3.2%
163
2.7%
170
2.7%
171
2.7%
174
2.7%
178
2.7%
179
2.7%
183
2.7%
184
2.7%
137
2.1%
138
2.1%
139
2.1%
140
2.1%
141
2.1%
142
2.1%
146
2.1%
150
2.1%
160
2.1%
162
2.1%
164
2.1%
165
2.1%
172
2.1%
173
2.1%
176
2.1%
186
2.1%
187
2.1%
151
1.6%
152
1.6%
156
1.6%
167
1.6%
168
1.6%
169
1.6%
175
1.6%
189
1.6%
143
1.1%
147
1.1%
148
1.1%
149
1.1%
154
1.1%
157
1.1%
158
1.1%
159
1.1%
153
0.5%
Quiz Playlist
Details
Report
Send in Message
Add To Playlist
More Info:
Be as fast as you can to fill in the numbers 1-200
Classic:
Type in answers that appear in a list
Quiz Source
Last Updated: Feb 16, 2017
Quiz Scoreboard
CHALLENGE
Sign Up to Join the Scoreboard
Show All
Scores
Hide
Comments
May contain spoilers
Recently Published
Image Sorting: Flags VI
by Barbecue
Geography
2m
Find the 'City' Movie
by crazypaving
Movies
60s
Colored Red Africa Blitz
by spor1
Geography
45s
More to Explore
Quiz From the Vault
Featured Blog Post
14 Easter Pick-up Lines to Find Eggs With
hide this ad
You Might Also Like...
Tags
Numbers Quiz
1-200
Today's Top Quizzes in Just For Fun
Browse Just For Fun
hide this ad
Today's Top Quizzes in Numbers
Browse Numbers
Top Contributed Quizzes in Just For Fun
1
Name Just One - 10 to 1: Just For Fun
2
Missing Word: 2-Letter A-Z II
3
Avatar the Last Airbender: Logic Puzzle
4
Missing Letter Whitney Houston Songs
5
It's Magic / Witchcraft 🎩🪄🧙♀️
6
Survivor Winners Logic Puzzle
7
Missing Word: 'Of' Things A-Z
8
Killer Double Trees 224 - Colour Match-Up
9
Click the Differences: Playground
10
Missing Word: 'Of' Things A-Z II
Explore More
Trending Topics
Marvel
Kpop
Harry Potter
Disney
NBA
Crossword
Anime
NFL
Country
Pokémon
WWE
Soccer
Puzzle
The Office
Song
hide this ad
More By:
martijnol
Quiz
Plays
Rating
Category
Featured
Created
How many numbers can you name from 1-200
188
2.33
Just For Fun
Jun 15, 2010
Go to Creator's Profile
Score Distribution
Quiz Creator Spotlight
martijnol
Follow
Send a Message
Quizzes Created
-
Created Quiz Play Count
-
More By This Creator
Popular Quizzes Today
1
Colored Red Africa Blitz
2
Find the US States - No Outlines Minefield
3
Find the 'City' Movie
4
5x2 Blitz: Bands
5
The Countries of the World
6
Find the US States
7
Find the Countries of Europe - No Outlines Minefield
8
US States
More Just For Fun Quizzes
Missing Word: '70s Albums (A-Z)
Published
Trending Quizzes
Colored Red Europe Blitz I
Colored Red Europe Blitz II
Colored Red Africa Blitz II
Colored Red Europe Blitz III
Colored Red Africa Blitz III
Recently Updated
How Do You Spell That?
pecheneg
Godzilla Movies
pecheneg
Grab Bag: 4-10 Letters
pecheneg
2024 March Madness Bracket
pecheneg
Famous TV Couples
Peacemaker
Champions League XIs: Real Madrid
pecheneg
Largest US Cities 1790-2010
pecheneg
Rides in Walt Disney World
pecheneg
Most Oscar Losses (Acting)
pecheneg
Beyoncé Albums
pecheneg
Trending Topics
Crossword
Kpop
Anime
NBA
Harry Potter
Disney
Marvel
NFL
Puzzle
WWE
Soccer
The Office
Country
Song
Pokémon
Your Account Isn't Verified!
In order to create a playlist on Sporcle, you need to verify the email address you used during registration. Go to your
Sporcle Settings
to finish the process.
Report this User
Report this user for behavior that violates our
Community Guidelines
.
Details:
Send Report
Go to the Sporcle.com Mobile Site →
Comments